ビール製造大手5社の酒造工場がある自治体 - Statistics

General Stats
  • This quiz has been taken 76 times
  • The average score is 21 of 52
Answer Stats
企業名 工場名 Answer % Correct
弘前工場 弘前市
68%
吹田工場 吹田市
67%
取手工場 取手市
67%
知多蒸溜所 知多市
62%
柏工場 柏市
62%
西宮工場 西宮市
62%
キリンビール 北海道千歳工場 千歳市
62%
オリオンビール 名護工場 名護市
62%
メルシャン(キリンHD傘下) 藤沢工場 藤沢市
60%
九州日田工場 日田市
60%
ニッカウヰスキー(アサヒビール子会社) 北海道工場余市蒸溜所 余市郡余市町
59%
塩尻ワイナリー 塩尻市
57%
桔梗ヶ原ワイナリー 塩尻市
57%
八代工場 八代市
57%
梓の森工場 栃木市
51%
門司工場 北九州市門司区
48%
防府アルコール製造所 防府市
48%
山崎蒸溜所 三島郡島本町
44%
仙台工場宮城峡蒸溜所 仙台市青葉区
44%
仙台工場 仙台市宮城野区
44%
〈天然水のビール工場〉東京・武蔵野 府中市
43%
勝沼ワイナリー 甲州市
43%
サッポロビール 北海道工場 恵庭市
43%
勝沼ワイナリー 甲州市
43%
白州蒸溜所 北杜市
41%
博多工場 福岡市博多区
40%
〈天然水のビール工場〉京都 長岡京市
37%
横浜工場 横浜市鶴見区
37%
岡山工場 岡山市東区
37%
那須工場 那須郡那須町
37%
群馬工場(尾島) 太田市
37%
群馬工場(木崎) 太田市
37%
仙台工場 名取市
33%
福島工場 本宮市
32%
茨城工場 守谷市
32%
サントリーHD 〈天然水のビール工場〉群馬 邑楽郡千代田町
30%
神戸工場 神戸市北区
30%
登美の丘ワイナリー 甲斐市
29%
名古屋工場 名古屋市守山区
29%
近江エージングセラー 東近江市
27%
栃木工場 さくら市
27%
〈天然水のビール工場〉熊本・阿蘇 上益城郡嘉島町
25%
アサヒビール 北海道工場 札幌市白石区
24%
名古屋工場 清須市
24%
静岡工場 焼津市
24%
滋賀工場 犬上郡多賀町
22%
千葉工場 船橋市
22%
福岡工場 朝倉市
21%
岡山ワイナリー 赤磐市
21%
大阪工場 大阪市港区
19%
さつま司蒸溜蔵 姶良市
14%
椀子ワイナリー 上田市
14%
No matching quizzes found
Score Distribution
Percent of People with Each Score
Percentile by Number Answered
Your Score History
You have not taken this quiz